000 00306nam a2200109Ia 4500
008 200302s9999 xx 000 0 und d
100 _aHemant Sood and Others
245 _aLaboratory Manualon Concrete Technology
260 _bC BC Publishers and Distributors Pvt., Ltd.,
260 _c2016
300 _a48 P.,
999 _c3849
_d3849